It looks like you're offline.
Open Library logo
additional options menu

MARC record from Internet Archive

LEADER: 00658cam 2200217gu 4500
008 890107s1878 enk eng e
011 $a 17031518
035 $a(Sirsi) ALE-0193
040 $aOTSM$beng
046 $aDLC
050 0 $aDA153.H89 1871
090 8 $aDA 153 .H6$bIMSC
100 10 $aHughes, Thomas,$d1822-1896.
245 10 $aAlfred the Great,$cby Thomas Hughes ...
250 $aNew edition. --
260 0 $aLondon,$bMacmillan & Co.$c[1878]
300 $av, [1], 334 p.$bfront. (map) plates.$c19 cm. --
600 00 $aAlfred,$cKing of England,$d849-899.
948 $a07/15/1992$b10/09/1998
596 $a27
926 $aPIMS$bLIBRARYUSE$cDA153 .H6$dBOOK$f1